Il re del mondo /

Збережено в:
Бібліографічні деталі
Автор: Cotroneo, Ivan
Формат: Книга
Мова:Англійська
Опубліковано: Milano
Теги: Додати тег
Немає тегів, Будьте першим, хто поставить тег для цього запису!

MARC

LEADER 00000nam a2200000 4500
001 CDOM0000003792
003 mi
005 20251010142223.0
008 251010b |||||||| |||| 00| 0 eng d
040 |c mi 
100 |a Cotroneo, Ivan 
245 1 |a Il re del mondo /  |c Ivan Cotroneo 
260 |a Milano 
942 |2 ddc  |c BK 
952 |0 0  |1 0  |2 ddc  |4 0  |7 0  |9 7002  |a MI  |b MI  |d 2009-08-31  |i 5519  |l 0  |p CDOM5519  |r 2025-07-13 16:28:00  |w 2025-07-13  |x DONO  |y BK 
999 |c 5718  |d 5718